La cajita infeliz : un viaje a través del capitalismo /

Guardado en:
Autor Principal: Sartelli, Eduardo
Formato: Libro
Publicado: Buenos Aires : Ryr ; 2005
Materias:
Etiquetas: Agregar Etiqueta
Sin Etiquetas, Sea el primero en etiquetar este registro!
LEADER 00597nam a22001935a 4500
001 CEM.cems012054
005 20060317000000.0
008 130507b######################000#0#####d
003 CEMS
020 |a 9872222258 
082 0 4 |a 320.1 
100 1 |a Sartelli, Eduardo 
245 1 0 |a La cajita infeliz :  |b un viaje a través del capitalismo /  |c Eduardo Sartelli 
260 |a Buenos Aires :  |b Ryr ; 2005 
300 |a 773 p. 
653 |a Economía 
653 |a Capitalismo 
859 |a CEMS  |b BIB. CEMS - 11 de abril  |h 320.1  |i Sa76  |p 23288.06  |t Ej.1 
859 |a CEMS  |b BIB. CEMS - 11 de abril  |h 320.1  |i Sa76  |p 23289.06  |t Ej.2